Kashmir (Record no. 13449)

MARC details
000 -LEADER
fixed length control field 00587nam a2200241 a 4500
020 ## - INTERNATIONAL STANDARD BOOK NUMBER
ISBN 0140876
082 00 - DEWEY DECIMAL CLASSIFICATION NUMBER
Classification number 954.6
Author Cutter QUR
100 ## - MAIN ENTRY--AUTHOR NAME
Author name Quraishi, Humra
245 ## - TITLE STATEMENT
Title Kashmir
Sub title the Untold Story
260 ## - PUBLICATION, DISTRIBUTION, ETC. (IMPRINT)
Place of publication New Delhi
Name of publisher Penguin Books
Year of publication 2004
300 ## - PHYSICAL DESCRIPTION
Number of Pages 204p
500 ## - GENERAL NOTE
General note includes index and biblioraphy
505 2# - FORMATTED CONTENTS NOTE
Formatted contents note Notes
650 ## - SUBJECT ADDED ENTRY--TOPICAL TERM
Topical Term Kashmir-Politics
942 ## - ADDED ENTRY ELEMENTS (KOHA)
Koha item type Books
700 1# -
-- Quraishi, Humra
Holdings
Collection code Home library Current library Date acquired Cost, normal purchase price Full call number Accession Number Koha item type
  Henry Martyn Institute Library Henry Martyn Institute Library 04/15/2008 250.00 954.6 QUR 020895 Books
                   Copyright © 2026 | Henry Martyn Institute | Hyderabad | TS-500052 | INDIA | Implemented by hmi.edu.in
Hit-Count:

Powered by Koha